000 00238nam a2200097Ia 4500
001 989963
005 20250826221302.0
008 250824s9999 xx 000 0 und d
245 0 _aSEYYAH
_cHİKMET ANIL ÖZTEKİN
260 _bDESTEK YAYINLARI
999 _c989963
_d989963